Sociálnoprávna ochrana detí a mládeže v SR - príležitosti a výzvy bakalárska práca

Gespeichert in:
Bibliographische Detailangaben
1. Verfasser: Štroncerová, Jana
Körperschaft: Národohospodárska fakulta EU. Katedra sociálneho rozvoja a práce
Weitere Verfasser: Poláčková, Hana, 1968-
Format: Buch
Sprache:Slowakisch
Veröffentlicht: Bratislava 2021
Tags: Tag hinzufügen
Keine Tags, Fügen Sie das erste Tag hinzu!

MARC

LEADER 00000nbm a2200000 4500
001 0275235
005 20220121101921.5
041 0 |a slo 
044 |a SK 
245 1 0 |a Sociálnoprávna ochrana detí a mládeže v SR - príležitosti a výzvy  |b bakalárska práca  |c Jana Štroncerová ; školiteľ: Hana Poláčková 
264 1 |a Bratislava  |c 2021 
300 |a 47 s. 
100 1 |a Štroncerová, Jana 
700 1 |a Poláčková, Hana, 1968- 
710 2 |a Národohospodárska fakulta EU. Katedra sociálneho rozvoja a práce